000 00712nam a2200241Ia 4500
003 OSt
005 20220926000851.0
006 a|||||r|||| 00| 0
007 ta
008 220923b |||||||| |||| 00| 0 eng d
037 _cGeneral Book
040 _aRTL
_cRTL
_beng
041 _2eng
_aeng
082 _aV4447.N7, L4
100 _aRathore Laxman Singh
_9153358
245 0 _aChanging Bhutan
260 _a New Delhi
_bJain Brothers
_c1974
300 _a168p
_ccm.
500 _aBibliography at the end of each chapter and P 157-64; Appendix: P 101-56
650 _aSikkim History
_9264787
942 _hV4447.N7, L4
_cGB
_2CC
999 _c599927
_d599927